Normal view
MARC view
Entry Topical Term
001 - CONTROL NUMBER
- control field: 3173
003 - CONTROL NUMBER IDENTIFIER
- control field: OSt
005 - DATE AND TIME OF LATEST TRANSACTION
- control field: 20220708132608.0
008 - FIXED-LENGTH DATA ELEMENTS
- fixed length control field: 220708|| aca||aabn | a|a d
040 ## - CATALOGING SOURCE
- Original cataloging agency: OSt
- Transcribing agency: OSt
150 ## - HEADING--TOPICAL TERM
- Topical term or geographic name entry element: Film adaptations
670 ## - SOURCE DATA FOUND
- Source citation: Work cat.: (OSt)0: Scholl, Joachim, 1960- 3169, Slávne romány 20. storočia, 2006